Normal view
MARC view
- Género
Entry Materia
Number of records used in: 251
001 - NÚMERO DE CONTROL DEL REGISTRO
- campo de control: 5712
003 - IDENTIFICADOR DE NUMERO DE CONTROL
- campo de control: UPN
005 - FECHA Y HORA DE LA ÚLTIMA TRANSACCIÓN
- campo de control: 20241015151539.0
008 - DATOS DE LONGITUD FIJA
- campo de control de longitud fija: 220826n||acnnnbabn | ana |d
035 ## - NÚMERO DE CONTROL DEL SISTEMA
- Número de control del sistema: UPN10000005712
040 ## - FUENTE DE LA CATALOGACIÓN
- Centro catalogador de origen: UPN
- Lengua de catalogación: spa
- Agencia de transcripción: UPN
150 ## - ENCABEZAMIENTO - TEMÁTICO
- Término de materia o nombre geográfico como elemento inicial: Género
670 ## - FUENTE EN LA QUE SE LOCALIZARON DATOS
- Cita de la fuente: T
- Información localizada: Diccionario de psicologia y pedagogía
902 ## - CATALOGADOR
- Catalogador: MITM/010207
